Peixes do nosso mar - Statistics

Estatísticas Gerais
  • Esse quiz foi jogado 56 vezes
  • A pontuação média é 8 de 17
Estatísticas das Respostas
Imagem Resposta % Correto
peixe palhaço
96%
baiacu
81%
peixe espada
77%
atum
75%
peixe leão
69%
moreia
67%
peixe lua
60%
barracuda
50%
marlin
46%
linguado
42%
dourado
38%
peixe papagaio
21%
anchova
17%
peixe cirurgião
15%
peixe remo
15%
peixe borboleta
13%
tamboril
6%
Nenhum quiz correspondente encontrado
Distribuição das Pontuações
Porcentagem de Pessoas com Cada Pontuação
Percentil de Números Respondidos
Sua Pontuação Histórica
Você não jogou esse quiz